[Event "ABC 2024 Utrecht, Groep B"]
[Site "Utrecht"]
[Date "2024.03.09"]
[Round "2.2"]
[White "Pathak, Raghav"]
[Black "Teianu, Maxim"]
[Result "1/2-1/2"]
[WhiteElo "1960"]
[BlackElo "1818"]

1. c4 {[%clk 00:54:02]} {[%emt 00:01:17]} b6 {[%clk 00:55:17]} {[%emt
00:00:04]} 2. Nf3 {[%clk 00:53:56]} {[%emt 00:00:15]} Bb7 {[%clk 00:55:22]}
{[%emt 00:00:05]} 3. d4 {[%clk 00:54:01]} {[%emt 00:00:05]} e6 {[%clk
00:55:28]} {[%emt 00:00:03]} 4. g3 {[%clk 00:53:34]} {[%emt 00:00:41]} Bb4+
{[%clk 00:55:25]} {[%emt 00:00:10]} 5. Nc3 {[%clk 00:53:29]} {[%emt 00:00:14]}
f5 {[%clk 00:55:21]} {[%emt 00:00:14]} 6. Bg2 {[%clk 00:53:36]} {[%emt
00:00:04]} Nf6 {[%clk 00:55:24]} {[%emt 00:00:07]} 7. O-O {[%clk 00:53:40]}
{[%emt 00:00:07]} Bxc3 {[%clk 00:55:31]} {[%emt 00:00:02]} 8. bxc3 {[%clk
00:53:46]} {[%emt 00:00:05]} Be4 {[%clk 00:55:36]} {[%emt 00:00:04]} 9. Ba3
{[%clk 00:52:59]} {[%emt 00:00:59]} Nc6 {[%clk 00:52:28]} {[%emt 00:03:17]} 10.
Nd2 {[%clk 00:52:10]} {[%emt 00:00:58]} Bxg2 {[%clk 00:52:21]} {[%emt
00:00:18]} 11. Kxg2 {[%clk 00:52:03]} {[%emt 00:00:16]} d6 {[%clk 00:49:19]}
{[%emt 00:03:13]} 12. f3 {[%clk 00:51:19]} {[%emt 00:00:54]} e5 {[%clk
00:48:13]} {[%emt 00:01:15]} 13. Nb3 {[%clk 00:46:32]} {[%emt 00:04:57]} O-O
{[%clk 00:46:37]} {[%emt 00:01:45]} 14. Qc2 {[%clk 00:46:11]} {[%emt 00:00:31]}
Qd7 {[%clk 00:40:59]} {[%emt 00:05:49]} 15. Rad1 {[%clk 00:45:42]} {[%emt
00:00:38]} e4 {[%clk 00:34:58]} {[%emt 00:06:11]} 16. c5 {[%clk 00:42:13]}
{[%emt 00:03:39]} Rfe8 {[%clk 00:31:04]} {[%emt 00:04:04]} 17. cxd6 {[%clk
00:41:58]} {[%emt 00:00:26]} cxd6 {[%clk 00:25:44]} {[%emt 00:05:30]} 18. Nd2
{[%clk 00:40:42]} {[%emt 00:01:24]} d5 {[%clk 00:21:25]} {[%emt 00:04:31]} 19.
e3 {[%clk 00:37:38]} {[%emt 00:03:15]} Rac8 {[%clk 00:19:37]} {[%emt 00:01:57]}
20. f4 {[%clk 00:36:45]} {[%emt 00:01:03]} Na5 {[%clk 00:15:45]} {[%emt
00:04:02]} 21. Rfe1 {[%clk 00:33:59]} {[%emt 00:02:55]} Nc4 {[%clk 00:15:34]}
{[%emt 00:00:22]} 22. Nxc4 {[%clk 00:33:27]} {[%emt 00:00:42]} Rxc4 {[%clk
00:15:38]} {[%emt 00:00:05]} 23. Rb1 {[%clk 00:33:15]} {[%emt 00:00:21]} Rec8
{[%clk 00:15:26]} {[%emt 00:00:23]} 24. Rec1 {[%clk 00:32:54]} {[%emt
00:00:32]} Qc6 {[%clk 00:13:39]} {[%emt 00:01:56]} 25. Qe2 {[%clk 00:30:18]}
{[%emt 00:02:47]} Qa4 {[%clk 00:13:09]} {[%emt 00:00:40]} 26. Rb3 {[%clk
00:29:59]} {[%emt 00:00:28]} Qd7 {[%clk 00:12:55]} {[%emt 00:00:24]} 27. h3
{[%clk 00:29:49]} {[%emt 00:00:21]} R8c6 {[%clk 00:12:34]} {[%emt 00:00:30]} 28.
Qd2 {[%clk 00:28:45]} {[%emt 00:01:15]} Qe6 {[%clk 00:12:18]} {[%emt 00:00:25]}
29. Qe2 {[%clk 00:28:14]} {[%emt 00:00:41]} Qc8 {[%clk 00:12:11]} {[%emt
00:00:17]} 30. Bb2 {[%clk 00:28:00]} {[%emt 00:00:25]} a6 {[%clk 00:11:32]}
{[%emt 00:00:49]} 31. Ba1 {[%clk 00:27:04]} {[%emt 00:01:05]} b5 {[%clk
00:11:30]} {[%emt 00:00:12]} 32. Rcb1 {[%clk 00:26:53]} {[%emt 00:00:21]} Qe8
{[%clk 00:10:11]} {[%emt 00:01:29]} 33. Ra3 {[%clk 00:25:53]} {[%emt 00:01:11]}
Qg6 {[%clk 00:09:22]} {[%emt 00:00:59]} 34. Rab3 {[%clk 00:24:31]} {[%emt
00:01:32]} Nd7 {[%clk 00:09:19]} {[%emt 00:00:12]} 35. Bb2 {[%clk 00:24:09]}
{[%emt 00:00:32]} Nb6 {[%clk 00:09:15]} {[%emt 00:00:15]} 36. Ba3 {[%clk
00:23:20]} {[%emt 00:00:58]} Na4 {[%clk 00:07:51]} {[%emt 00:01:34]} 37. Bb4
{[%clk 00:23:26]} {[%emt 00:00:04]} Nxc3 {[%clk 00:07:26]} {[%emt 00:00:36]} 38.
Bxc3 {[%clk 00:22:43]} {[%emt 00:00:53]} Rxc3 {[%clk 00:07:31]} {[%emt
00:00:05]} 39. Rxc3 {[%clk 00:22:40]} {[%emt 00:00:13]} Rxc3 {[%clk 00:07:36]}
{[%emt 00:00:04]} 40. a4 {[%clk 00:21:08]} {[%emt 00:01:42]} Qc6 {[%clk
00:06:22]} {[%emt 00:01:24]} 41. axb5 {[%clk 00:20:52]} {[%emt 00:00:27]} Qc8
{[%clk 00:01:54]} {[%emt 00:04:37]} 42. Rb2 {[%clk 00:20:43]} {[%emt 00:00:19]}
axb5 {[%clk 00:01:48]} {[%emt 00:00:16]} 43. Qxb5 {[%clk 00:20:04]} {[%emt
00:00:49]} Rc2+ {[%clk 00:01:43]} {[%emt 00:00:15]} 44. Rxc2 {[%clk 00:19:35]}
{[%emt 00:00:40]} Qxc2+ {[%clk 00:01:47]} {[%emt 00:00:05]} 45. Kh1 {[%clk
00:19:30]} {[%emt 00:00:15]} Qd1+ {[%clk 00:01:37]} {[%emt 00:00:21]} 46. Kg2
{[%clk 00:19:33]} {[%emt 00:00:03]} Qf3+ {[%clk 00:01:24]} {[%emt 00:00:26]} 47.
Kh2 {[%clk 00:19:29]} {[%emt 00:00:13]} Qf2+ {[%clk 00:01:31]} {[%emt
00:00:04]} 48. Kh1 {[%clk 00:19:32]} {[%emt 00:00:08]} Qf3+ {[%clk 00:01:35]}
{[%emt 00:00:05]} 49. Kh2 {[%clk 00:19:39]} {[%emt 00:00:03]} Qf2+ {[%clk
00:01:42]} {[%emt 00:00:04]} 50. Kh1 {[%clk 00:19:41]} {[%emt 00:00:08]} Qf3+
{[%clk 00:01:48]} {[%emt 00:00:03]} 1/2-1/2

[Event "ABC 2024 Utrecht, Groep B"]
[Site "Utrecht"]
[Date "2024.03.09"]
[Round "2.3"]
[White "Ten Kate, Gustav"]
[Black "Kshirsagar, Pranav"]
[Result "0-1"]
[WhiteElo "1807"]
[BlackElo "1956"]

1. d4 {[%clk 00:54:49]} {[%emt 00:00:31]} Nf6 {[%clk 00:55:16]} {[%emt
00:00:05]} 2. c4 {[%clk 00:54:45]} {[%emt 00:00:13]} e6 {[%clk 00:55:22]}
{[%emt 00:00:05]} 3. Nf3 {[%clk 00:54:48]} {[%emt 00:00:06]} d5 {[%clk
00:55:06]} {[%emt 00:00:27]} 4. g3 {[%clk 00:54:33]} {[%emt 00:00:24]} Be7
{[%clk 00:54:04]} {[%emt 00:01:14]} 5. Bg2 {[%clk 00:54:35]} {[%emt 00:00:07]}
O-O {[%clk 00:54:04]} {[%emt 00:00:10]} 6. O-O {[%clk 00:54:36]} {[%emt
00:00:08]} b6 {[%clk 00:52:39]} {[%emt 00:01:35]} 7. Qc2 {[%clk 00:53:38]}
{[%emt 00:01:09]} Bb7 {[%clk 00:51:15]} {[%emt 00:01:33]} 8. Ne5 {[%clk
00:52:16]} {[%emt 00:01:31]} c5 {[%clk 00:49:27]} {[%emt 00:01:59]} 9. Be3
{[%clk 00:47:20]} {[%emt 00:05:07]} Qc7 {[%clk 00:45:36]} {[%emt 00:04:02]} 10.
Nc3 {[%clk 00:44:41]} {[%emt 00:02:47]} Rd8 {[%clk 00:40:43]} {[%emt 00:05:04]}
11. Rfd1 {[%clk 00:42:45]} {[%emt 00:02:06]} cxd4 {[%clk 00:32:51]} {[%emt
00:08:02]} 12. Bxd4 {[%clk 00:42:23]} {[%emt 00:00:32]} Nbd7 {[%clk 00:32:36]}
{[%emt 00:00:25]} 13. Nb5 {[%clk 00:33:10]} {[%emt 00:09:23]} Qc8 {[%clk
00:31:45]} {[%emt 00:01:01]} 14. Rac1 {[%clk 00:30:37]} {[%emt 00:02:42]} a6
{[%clk 00:29:27]} {[%emt 00:02:29]} 15. Na3 {[%clk 00:27:56]} {[%emt 00:02:51]}
dxc4 {[%clk 00:23:36]} {[%emt 00:06:01]} 16. Nxd7 {[%clk 00:25:52]} {[%emt
00:02:13]} Nxd7 {[%clk 00:23:20]} {[%emt 00:00:26]} 17. Bxb7 {[%clk 00:23:12]}
{[%emt 00:02:51]} Qxb7 {[%clk 00:23:29]} {[%emt 00:00:02]} 18. Nxc4 {[%clk
00:21:59]} {[%emt 00:01:21]} Rac8 {[%clk 00:22:49]} {[%emt 00:00:50]} 19. Qb3
{[%clk 00:20:45]} {[%emt 00:01:24]} b5 {[%clk 00:20:57]} {[%emt 00:02:03]} 20.
Ne5 {[%clk 00:18:54]} {[%emt 00:02:01]} Nxe5 {[%clk 00:18:01]} {[%emt
00:03:06]} 21. Bxe5 {[%clk 00:17:34]} {[%emt 00:01:30]} Qe4 {[%clk 00:17:37]}
{[%emt 00:00:33]} 22. Bf4 {[%clk 00:09:22]} {[%emt 00:08:22]} Qxe2 {[%clk
00:17:10]} {[%emt 00:00:39]} 23. Re1 {[%clk 00:07:40]} {[%emt 00:01:51]} Rxc1
{[%clk 00:14:59]} {[%emt 00:02:22]} 24. Rxc1 {[%clk 00:07:48]} {[%emt
00:00:02]} Bf6 {[%clk 00:14:12]} {[%emt 00:00:56]} 25. Qc2 {[%clk 00:07:36]}
{[%emt 00:00:23]} Qf3 {[%clk 00:13:12]} {[%emt 00:01:09]} 26. Be3 {[%clk
00:07:08]} {[%emt 00:00:38]} h5 {[%clk 00:12:49]} {[%emt 00:00:33]} 27. h4
{[%clk 00:07:11]} {[%emt 00:00:07]} Qg4 {[%clk 00:12:11]} {[%emt 00:00:48]} 28.
Kg2 {[%clk 00:07:11]} {[%emt 00:00:09]} Bxh4 {[%clk 00:10:54]} {[%emt
00:01:28]} 29. Qc6 {[%clk 00:07:17]} {[%emt 00:00:04]} Bf6 {[%clk 00:08:39]}
{[%emt 00:02:25]} 30. b3 {[%clk 00:07:07]} {[%emt 00:00:20]} h4 {[%clk
00:08:30]} {[%emt 00:00:18]} 31. Qf3 {[%clk 00:07:13]} {[%emt 00:00:05]} h3+
{[%clk 00:08:38]} {[%emt 00:00:02]} 0-1

[Event "ABC 2024 Utrecht, Groep B"]
[Site "Utrecht"]
[Date "2024.03.09"]
[Round "2.4"]
[White "Guillaumond, Matthieu"]
[Black "Zhang, Xiheng"]
[Result "1-0"]
[WhiteElo "1948"]
[BlackElo "1804"]

1. e4 {[%clk 00:55:18]} {[%emt 00:00:02]} e5 {[%clk 00:55:18]} {[%emt
00:00:04]} 2. Nf3 {[%clk 00:55:21]} {[%emt 00:00:07]} Nc6 {[%clk 00:55:24]}
{[%emt 00:00:03]} 3. d4 {[%clk 00:55:24]} {[%emt 00:00:06]} exd4 {[%clk
00:55:31]} {[%emt 00:00:05]} 4. Nxd4 {[%clk 00:55:28]} {[%emt 00:00:04]} Bc5
{[%clk 00:55:37]} {[%emt 00:00:04]} 5. Nb3 {[%clk 00:55:33]} {[%emt 00:00:06]}
Bb6 {[%clk 00:55:42]} {[%emt 00:00:05]} 6. Nc3 {[%clk 00:55:38]} {[%emt
00:00:04]} Nf6 {[%clk 00:55:40]} {[%emt 00:00:12]} 7. Qe2 {[%clk 00:55:41]}
{[%emt 00:00:07]} O-O {[%clk 00:55:35]} {[%emt 00:00:14]} 8. Bg5 {[%clk
00:55:47]} {[%emt 00:00:04]} h6 {[%clk 00:55:18]} {[%emt 00:00:28]} 9. Bh4
{[%clk 00:55:52]} {[%emt 00:00:04]} Re8 {[%clk 00:55:03]} {[%emt 00:00:27]} 10.
O-O-O {[%clk 00:55:09]} {[%emt 00:00:52]} d6 {[%clk 00:54:46]} {[%emt
00:00:27]} 11. f3 {[%clk 00:54:43]} {[%emt 00:00:36]} Be6 {[%clk 00:54:15]}
{[%emt 00:00:42]} 12. g4 {[%clk 00:52:33]} {[%emt 00:02:19]} a5 {[%clk
00:52:40]} {[%emt 00:01:45]} 13. Qb5 {[%clk 00:45:54]} {[%emt 00:06:49]} Qe7
{[%clk 00:47:34]} {[%emt 00:05:15]} 14. Kb1 {[%clk 00:37:58]} {[%emt 00:08:06]}
Rad8 {[%clk 00:45:14]} {[%emt 00:02:30]} 15. g5 {[%clk 00:37:02]} {[%emt
00:01:07]} hxg5 {[%clk 00:43:30]} {[%emt 00:01:53]} 16. Qxg5 {[%clk 00:36:52]}
{[%emt 00:00:21]} Ne5 {[%clk 00:37:05]} {[%emt 00:06:34]} 17. Be2 {[%clk
00:33:08]} {[%emt 00:03:54]} Ng6 {[%clk 00:33:32]} {[%emt 00:03:43]} 18. Bg3
{[%clk 00:31:11]} {[%emt 00:02:07]} Nh7 {[%clk 00:28:41]} {[%emt 00:05:01]} 19.
Qd2 {[%clk 00:27:07]} {[%emt 00:04:13]} Nf6 {[%clk 00:26:32]} {[%emt 00:02:20]}
20. Bb5 {[%clk 00:19:11]} {[%emt 00:08:07]} Bd7 {[%clk 00:25:01]} {[%emt
00:01:40]} 21. Bxd7 {[%clk 00:18:22]} {[%emt 00:01:00]} Qxd7 {[%clk 00:24:53]}
{[%emt 00:00:18]} 22. Nd5 {[%clk 00:16:31]} {[%emt 00:02:00]} Nxd5 {[%clk
00:24:34]} {[%emt 00:00:30]} 23. Qxd5 {[%clk 00:16:39]} {[%emt 00:00:02]} a4
{[%clk 00:21:50]} {[%emt 00:02:54]} 24. Nd2 {[%clk 00:15:16]} {[%emt 00:01:32]}
Qc8 {[%clk 00:18:25]} {[%emt 00:03:35]} 25. Nc4 {[%clk 00:14:26]} {[%emt
00:01:01]} Bc5 {[%clk 00:15:57]} {[%emt 00:02:37]} 26. Qg5 {[%clk 00:13:08]}
{[%emt 00:01:28]} b5 {[%clk 00:14:52]} {[%emt 00:01:16]} 27. Nd2 {[%clk
00:11:53]} {[%emt 00:01:25]} a3 {[%clk 00:12:21]} {[%emt 00:02:41]} 28. Nb3
{[%clk 00:11:11]} {[%emt 00:00:51]} Bb6 {[%clk 00:11:13]} {[%emt 00:01:18]} 29.
Qxb5 {[%clk 00:09:57]} {[%emt 00:01:24]} axb2 {[%clk 00:10:57]} {[%emt
00:00:26]} 30. Bxd6 {[%clk 00:08:04]} {[%emt 00:02:03]} cxd6 {[%clk 00:10:28]}
{[%emt 00:00:39]} 31. Qxb6 {[%clk 00:07:58]} {[%emt 00:00:17]} Qc3 {[%clk
00:09:39]} {[%emt 00:00:59]} 32. Rd3 {[%clk 00:06:31]} {[%emt 00:01:37]} Qe5
{[%clk 00:09:15]} {[%emt 00:00:34]} 33. Qd4 {[%clk 00:06:17]} {[%emt 00:00:24]}
Qf4 {[%clk 00:08:54]} {[%emt 00:00:30]} 34. Kxb2 {[%clk 00:05:01]} {[%emt
00:01:26]} Ne5 {[%clk 00:08:34]} {[%emt 00:00:30]} 35. Rc3 {[%clk 00:05:01]}
{[%emt 00:00:10]} Rc8 {[%clk 00:07:12]} {[%emt 00:01:32]} 36. Rf1 {[%clk
00:03:06]} {[%emt 00:02:05]} Nc6 {[%clk 00:06:23]} {[%emt 00:01:00]} 37. Qd2
{[%clk 00:02:34]} {[%emt 00:00:35]} Qe5 {[%clk 00:05:44]} {[%emt 00:00:55]} 38.
Rd1 {[%clk 00:02:27]} {[%emt 00:00:17]} Nb4 {[%clk 00:05:11]} {[%emt 00:00:43]}
39. Qd4 {[%clk 00:01:56]} {[%emt 00:00:41]} Qb5 {[%clk 00:04:29]} {[%emt
00:00:52]} 40. a3 {[%clk 00:01:40]} {[%emt 00:00:28]} Nc6 {[%clk 00:04:13]}
{[%emt 00:00:25]} 41. Qd5 {[%clk 00:01:25]} {[%emt 00:00:23]} Qa6 {[%clk
00:03:53]} {[%emt 00:00:31]} 42. Qc4 {[%clk 00:01:06]} {[%emt 00:00:29]} Qa7
{[%clk 00:03:10]} {[%emt 00:00:53]} 43. Rxd6 {[%clk 00:00:43]} {[%emt
00:00:34]} Ne7 {[%clk 00:02:39]} {[%emt 00:00:40]} 44. Qd4 {[%clk 00:00:52]}
{[%emt 00:00:01]} Qb8 {[%clk 00:01:54]} {[%emt 00:00:55]} 45. f4 {[%clk
00:00:38]} {[%emt 00:00:25]} Rcd8 {[%clk 00:01:36]} {[%emt 00:00:28]} 46. Rxd8
{[%clk 00:00:39]} {[%emt 00:00:09]} Rxd8 {[%clk 00:01:44]} 47. Qe5 {[%clk
00:00:41]} {[%emt 00:00:08]} Qxe5 {[%clk 00:01:38]} {[%emt 00:00:16]} 48. fxe5
{[%clk 00:00:50]} {[%emt 00:00:01]} Ng6 {[%clk 00:01:44]} {[%emt 00:00:05]} 49.
Rc5 {[%clk 00:00:52]} {[%emt 00:00:08]} Re8 {[%clk 00:01:49]} {[%emt 00:00:04]}
50. a4 {[%clk 00:00:54]} {[%emt 00:00:08]} Nxe5 {[%clk 00:01:55]} {[%emt
00:00:04]} 51. a5 {[%clk 00:01:02]} {[%emt 00:00:03]} Nd7 {[%clk 00:01:59]}
{[%emt 00:00:06]} 52. Rc7 {[%clk 00:01:08]} {[%emt 00:00:03]} Nb8 {[%clk
00:01:58]} {[%emt 00:00:12]} 53. Nc5 {[%clk 00:01:10]} {[%emt 00:00:07]} Kf8
{[%clk 00:01:52]} {[%emt 00:00:16]} 54. a6 {[%clk 00:01:08]} {[%emt 00:00:11]}
Nxa6 {[%clk 00:01:52]} {[%emt 00:00:11]} 55. Nxa6 {[%clk 00:01:16]} {[%emt
00:00:02]} Ra8 {[%clk 00:01:59]} {[%emt 00:00:03]} 56. Nb4 {[%clk 00:01:23]}
{[%emt 00:00:03]} Rb8 {[%clk 00:02:06]} {[%emt 00:00:04]} 57. c3 {[%clk
00:01:31]} {[%emt 00:00:02]} g6 {[%clk 00:02:11]} {[%emt 00:00:05]} 58. Kc2
{[%clk 00:01:38]} {[%emt 00:00:03]} Kg7 {[%clk 00:02:19]} {[%emt 00:00:02]} 59.
Kd3 {[%clk 00:01:46]} {[%emt 00:00:02]} Rd8+ {[%clk 00:02:23]} {[%emt
00:00:05]} 60. Ke2 {[%clk 00:01:54]} {[%emt 00:00:02]} Re8 {[%clk 00:02:29]}
{[%emt 00:00:04]} 61. Kf3 {[%clk 00:02:02]} {[%emt 00:00:02]} Kf6 {[%clk
00:02:35]} {[%emt 00:00:04]} 62. Nd5+ {[%clk 00:02:10]} {[%emt 00:00:02]} Kg7
{[%clk 00:02:40]} {[%emt 00:00:05]} 63. c4 {[%clk 00:02:18]} {[%emt 00:00:03]}
Ra8 {[%clk 00:02:46]} {[%emt 00:00:04]} 64. c5 {[%clk 00:02:25]} {[%emt
00:00:03]} Ra3+ {[%clk 00:02:52]} {[%emt 00:00:03]} 65. Ne3 {[%clk 00:02:33]}
{[%emt 00:00:02]} Rc3 {[%clk 00:02:58]} {[%emt 00:00:04]} 66. Ke2 {[%clk
00:02:26]} {[%emt 00:00:17]} Kf8 {[%clk 00:03:01]} {[%emt 00:00:07]} 67. c6
{[%clk 00:02:29]} {[%emt 00:00:06]} Ke8 {[%clk 00:03:07]} {[%emt 00:00:05]} 68.
Rc8+ {[%clk 00:02:28]} {[%emt 00:00:11]} Ke7 {[%clk 00:03:15]} {[%emt
00:00:01]} 69. Nd5+ {[%clk 00:02:37]} {[%emt 00:00:02]} Kd6 {[%clk 00:03:23]}
{[%emt 00:00:03]} 70. Nxc3 {[%clk 00:02:45]} {[%emt 00:00:02]} f5 {[%clk
00:03:30]} {[%emt 00:00:03]} 71. exf5 {[%clk 00:02:53]} {[%emt 00:00:02]} gxf5
{[%clk 00:03:37]} {[%emt 00:00:02]} 72. h4 {[%clk 00:03:00]} {[%emt 00:00:02]}
f4 {[%clk 00:03:45]} {[%emt 00:00:03]} 73. h5 {[%clk 00:03:08]} {[%emt
00:00:02]} Ke7 {[%clk 00:03:52]} {[%emt 00:00:03]} 74. h6 {[%clk 00:03:16]}
{[%emt 00:00:02]} Kf7 {[%clk 00:04:00]} {[%emt 00:00:02]} 75. c7 {[%clk
00:03:24]} {[%emt 00:00:02]} Kg6 {[%clk 00:04:08]} {[%emt 00:00:02]} 76. Rg8+
{[%clk 00:03:32]} {[%emt 00:00:02]} Kf7 {[%clk 00:04:15]} {[%emt 00:00:04]} 77.
c8=Q {[%clk 00:03:35]} {[%emt 00:00:06]} f3+ {[%clk 00:04:23]} {[%emt
00:00:03]} 78. Kxf3 {[%clk 00:03:29]} {[%emt 00:00:15]} Ke7 {[%clk 00:04:29]}
{[%emt 00:00:03]} 79. Rg6 {[%clk 00:03:22]} {[%emt 00:00:17]} Kf7 {[%clk
00:04:37]} {[%emt 00:00:03]} 80. Qe6+ {[%clk 00:03:30]} {[%emt 00:00:02]} Kf8
{[%clk 00:04:46]} {[%emt 00:00:02]} 81. Rg8# {[%clk 00:03:38]} {[%emt
00:00:01]} 1-0

[Event "ABC 2024 Utrecht, Groep B"]
[Site "Utrecht"]
[Date "2024.03.09"]
[Round "2.5"]
[White "Hallibert, Emilien"]
[Black "Teianu, Sabin"]
[Result "1/2-1/2"]
[WhiteElo "1799"]
[BlackElo "1938"]

1. c4 {[%clk 00:55:15]} {[%emt 00:00:04]} b6 {[%clk 00:55:16]} {[%emt
00:00:06]} 2. Nc3 {[%clk 00:55:13]} {[%emt 00:00:09]} Bb7 {[%clk 00:55:22]}
{[%emt 00:00:05]} 3. d4 {[%clk 00:54:22]} {[%emt 00:01:01]} e6 {[%clk
00:55:28]} {[%emt 00:00:04]} 4. e4 {[%clk 00:51:41]} {[%emt 00:02:53]} Bb4
{[%clk 00:55:28]} {[%emt 00:00:08]} 5. Bd3 {[%clk 00:50:48]} {[%emt 00:01:04]}
f5 {[%clk 00:55:32]} {[%emt 00:00:05]} 6. d5 {[%clk 00:49:28]} {[%emt
00:01:31]} fxe4 {[%clk 00:55:28]} {[%emt 00:00:14]} 7. Bxe4 {[%clk 00:49:16]}
{[%emt 00:00:21]} Qh4 {[%clk 00:55:32]} {[%emt 00:00:07]} 8. Qd3 {[%clk
00:47:49]} {[%emt 00:01:36]} Nf6 {[%clk 00:55:05]} {[%emt 00:00:37]} 9. Bf3
{[%clk 00:47:39]} {[%emt 00:00:19]} e5 {[%clk 00:51:45]} {[%emt 00:03:30]} 10.
g3 {[%clk 00:46:18]} {[%emt 00:01:32]} Qd4 {[%clk 00:51:48]} {[%emt 00:00:07]}
11. Qxd4 {[%clk 00:46:19]} {[%emt 00:00:09]} exd4 {[%clk 00:51:51]} {[%emt
00:00:06]} 12. a3 {[%clk 00:46:24]} {[%emt 00:00:07]} Bxc3+ {[%clk 00:50:47]}
{[%emt 00:01:12]} 13. bxc3 {[%clk 00:43:19]} {[%emt 00:03:16]} dxc3 {[%clk
00:50:48]} {[%emt 00:00:09]} 14. Bf4 {[%clk 00:39:59]} {[%emt 00:03:31]} d6
{[%clk 00:48:22]} {[%emt 00:02:35]} 15. Rc1 {[%clk 00:39:41]} {[%emt 00:00:27]}
Nbd7 {[%clk 00:47:53]} {[%emt 00:00:40]} 16. Ne2 {[%clk 00:38:49]} {[%emt
00:01:02]} Nc5 {[%clk 00:47:41]} {[%emt 00:00:21]} 17. Rxc3 {[%clk 00:38:34]}
{[%emt 00:00:23]} O-O-O {[%clk 00:46:55]} {[%emt 00:01:00]} 18. Nd4 {[%clk
00:37:07]} {[%emt 00:01:36]} Rde8+ {[%clk 00:46:05]} {[%emt 00:01:00]} 19. Be3
{[%clk 00:33:44]} {[%emt 00:03:33]} Nfe4 {[%clk 00:44:22]} {[%emt 00:01:51]} 20.
Bxe4 {[%clk 00:33:17]} {[%emt 00:00:39]} Nxe4 {[%clk 00:44:25]} {[%emt
00:00:08]} 21. Rc2 {[%clk 00:31:09]} {[%emt 00:02:17]} Nc5 {[%clk 00:41:48]}
{[%emt 00:02:47]} 22. Kd2 {[%clk 00:29:11]} {[%emt 00:02:08]} Rhf8 {[%clk
00:41:37]} {[%emt 00:00:20]} 23. a4 {[%clk 00:26:24]} {[%emt 00:03:00]} Kb8
{[%clk 00:34:10]} {[%emt 00:07:37]} 24. a5 {[%clk 00:22:53]} {[%emt 00:03:41]}
h5 {[%clk 00:31:19]} {[%emt 00:03:00]} 25. axb6 {[%clk 00:20:57]} {[%emt
00:02:06]} axb6 {[%clk 00:30:50]} {[%emt 00:00:39]} 26. Ra1 {[%clk 00:20:29]}
{[%emt 00:00:37]} Rf7 {[%clk 00:23:45]} {[%emt 00:07:14]} 27. Raa2 {[%clk
00:14:55]} {[%emt 00:05:45]} Ref8 {[%clk 00:21:16]} {[%emt 00:02:39]} 28. h4
{[%clk 00:13:20]} {[%emt 00:01:45]} Re8 {[%clk 00:19:17]} {[%emt 00:02:08]} 29.
Ra3 {[%clk 00:11:10]} {[%emt 00:02:19]} Ref8 {[%clk 00:17:28]} {[%emt
00:02:01]} 30. Raa2 {[%clk 00:11:05]} {[%emt 00:00:15]} Ne4+ {[%clk 00:17:19]}
{[%emt 00:00:20]} 31. Kd3 {[%clk 00:10:42]} {[%emt 00:00:31]} Nc5+ {[%clk
00:16:25]} {[%emt 00:01:05]} 32. Kc3 {[%clk 00:10:34]} {[%emt 00:00:16]} g6
{[%clk 00:12:23]} {[%emt 00:04:14]} 33. Kb4 {[%clk 00:07:18]} {[%emt 00:03:27]}
Nd3+ {[%clk 00:07:33]} {[%emt 00:05:00]} 34. Kc3 {[%clk 00:06:45]} {[%emt
00:00:39]} Nc5 {[%clk 00:04:27]} {[%emt 00:03:20]} 1/2-1/2